00313nam a22001337a 4500003000400000008004100004020001800045082001200063100001800075245002600093250001100119260004000130300000900170OSt231230b |||||||| |||| 00| 0 eng d a9789327279269 a332 SIP aSINGH,Jagroop aPrinciples of Banking a3rd Ed aNew DelhibKalyani Publishersc2023 aMISC